Notturno e Tarantella, op. 28 pour violon et piano /

Hlavní autor: Szymanowski, Karol, 1882-1937
Jazyk: Nelze použít, není lingvistický obsah
Vydáno: Wien ; Leipzig : Universal-Edition A.G., c1921
Edice: Universal-Edition
Fyzický popis: 1 partitura (21 s.) + 1 hlas (8 s.)
Hudebniny Hudebniny
Uloženo v:
LEADER 00964ncm a22002532a 4500
001 001282795
003 CZ BrMZK
005 20150610130644.0
007 qu
008 130307s1921 au |||||||||||||||||zxx d
040 |a BOA001  |b cze 
044 |a au 
072 7 |a 787  |x Hudba pro strunné a smyčcové nástroje  |2 Konspekt  |9 9 
100 1 |a Szymanowski, Karol,  |d 1882-1937  |7 jn19990008398  |4 cmp 
245 1 0 |a Notturno e Tarantella, op. 28  |h [hudebnina] :  |b pour violon et piano /  |c par Karol Szymanowski 
260 |a Wien ;  |a Leipzig :  |b Universal-Edition A.G.,  |c c1921 
300 |a 1 partitura (21 s.) + 1 hlas (8 s.) 
490 1 |a Universal-Edition ;  |v Nr. 6626 
830 0 |a Universal-Edition 
910 |a BOA001  |b Mus4-0200.471 
990 |a MU 
991 |b 201303 
996 7 |b 2619525383  |c Mus4-0200.471  |l MZK  |r Sklad / do 1 hodiny  |n 0  |w 001317081  |u 000020  |a 1  |e BOA001  |j MZK50  |s A 
996 7 |b 2619525384  |c Mus4-0200.471  |l MZK  |r Sklad / do 1 hodiny  |n 0  |w 001317081  |u 000010  |a 1  |e BOA001  |j MZK50  |s A